<?xml version="1.0" encoding="UTF-8"?>
<record
    xmlns:xsi="http://www.w3.org/2001/XMLSchema-instance"
    xsi:schemaLocation="http://www.loc.gov/MARC21/slim http://www.loc.gov/standards/marcxml/schema/MARC21slim.xsd"
    xmlns="http://www.loc.gov/MARC21/slim">

  <leader>00971cam a2200289   4500</leader>
  <controlfield tag="001">4085816</controlfield>
  <controlfield tag="003">NUST</controlfield>
  <controlfield tag="005">20220420104145.0</controlfield>
  <controlfield tag="008">731010s1972    ii            000 0 eng  </controlfield>
  <datafield tag="010" ind1=" " ind2=" ">
    <subfield code="a">   72930653 </subfield>
  </datafield>
  <datafield tag="038" ind1=" " ind2=" ">
    <subfield code="a">Muhammad Ibrahim</subfield>
  </datafield>
  <datafield tag="040" ind1=" " ind2=" ">
    <subfield code="a">DLC</subfield>
    <subfield code="c">DLC</subfield>
    <subfield code="d">DLC</subfield>
  </datafield>
  <datafield tag="043" ind1=" " ind2=" ">
    <subfield code="a">a-ii---</subfield>
  </datafield>
  <datafield tag="050" ind1="0" ind2="0">
    <subfield code="a">BP170.8</subfield>
    <subfield code="b">.M37</subfield>
  </datafield>
  <datafield tag="082" ind1="0" ind2="0">
    <subfield code="a">297.2</subfield>
    <subfield code="b">MAS 1972</subfield>
  </datafield>
  <datafield tag="100" ind1="1" ind2=" ">
    <subfield code="a">Mashriq&#x12B;, &#x2BB;In&#x101;yatull&#x101;h K&#x332;h&#x332;&#x101;n&#x332;,</subfield>
    <subfield code="d">1888-1963.</subfield>
    <subfield code="9">91057</subfield>
  </datafield>
  <datafield tag="245" ind1="1" ind2="0">
    <subfield code="a">Man's destiny</subfield>
    <subfield code="c">by Inayat Ullah Khan al-Mashriqi. [Edited by Shabbir Hussain.</subfield>
    <subfield code="b">A mathematician&#x2019;s view of the breath-taking climb  that awaits Man to reach his ultimate destiny</subfield>
  </datafield>
  <datafield tag="260" ind1=" " ind2=" ">
    <subfield code="a">Islamabad</subfield>
    <subfield code="b">El-Mashriqi Foundation</subfield>
    <subfield code="c">[1972]</subfield>
  </datafield>
  <datafield tag="300" ind1=" " ind2=" ">
    <subfield code="a">120 p.</subfield>
    <subfield code="c">18 cm.</subfield>
  </datafield>
  <datafield tag="350" ind1=" " ind2=" ">
    <subfield code="a">Rs4.00</subfield>
  </datafield>
  <datafield tag="563" ind1=" " ind2=" ">
    <subfield code="a">H.B</subfield>
  </datafield>
  <datafield tag="610" ind1="2" ind2="0">
    <subfield code="a">K&#x332;h&#x332;&#x101;ks&#x101;r Ta&#x1E25;r&#x12B;k.</subfield>
    <subfield code="9">91058</subfield>
  </datafield>
  <datafield tag="650" ind1=" " ind2="0">
    <subfield code="a">Islam</subfield>
    <subfield code="x">Universality.</subfield>
    <subfield code="9">6195</subfield>
  </datafield>
  <datafield tag="700" ind1="0" ind2=" ">
    <subfield code="a">Shabbir Hussain,</subfield>
    <subfield code="e">ed.</subfield>
    <subfield code="9">91059</subfield>
  </datafield>
  <datafield tag="906" ind1=" " ind2=" ">
    <subfield code="a">7</subfield>
    <subfield code="b">cbc</subfield>
    <subfield code="c">orignew</subfield>
    <subfield code="d">4</subfield>
    <subfield code="e">ncip</subfield>
    <subfield code="f">19</subfield>
    <subfield code="g">y-gencatlg</subfield>
  </datafield>
  <datafield tag="942" ind1=" " ind2=" ">
    <subfield code="2">ddc</subfield>
    <subfield code="c">BK</subfield>
  </datafield>
  <datafield tag="999" ind1=" " ind2=" ">
    <subfield code="c">589243</subfield>
    <subfield code="d">589243</subfield>
  </datafield>
  <datafield tag="952" ind1=" " ind2=" ">
    <subfield code="0">0</subfield>
    <subfield code="1">0</subfield>
    <subfield code="2">ddc</subfield>
    <subfield code="4">0</subfield>
    <subfield code="7">0</subfield>
    <subfield code="a">CIPS</subfield>
    <subfield code="b">CIPS</subfield>
    <subfield code="c">GEN</subfield>
    <subfield code="d">2022-04-14</subfield>
    <subfield code="l">0</subfield>
    <subfield code="o">297.2 MAS 1972</subfield>
    <subfield code="p">CIPSD0000687</subfield>
    <subfield code="r">2022-04-20</subfield>
    <subfield code="w">2022-04-20</subfield>
    <subfield code="y">BK</subfield>
  </datafield>
</record>
